00660nam a2200241 a 4500001001300000003000900013005001700022008004100039020001000080082001700090100001600107245004700123260002900170300000900199500003500208505001700243650001400260700001600274902000800290942000700298952009800305999001500403nice12345678IN_TiNIC20260116012411.0050524s1983 leia grp 000 0 eng  ac10000a297.211bPIA aPiamenta, M aMuslim Conception of God and Human Welfare aLeidenbE.J. Brillc1983 a226p aincludes index and biblioraphy2 aIndex, Notes aGod-Islam1 aPiamenta, M bSRS cBK 00104070aHMIbHMId2007-07-13g100.00l0o297.211 PIAp012185r2007-07-13w2026-01-16yEB c6873d6873